00724nam a2200181 4500001000700000003000900007005001700016007000300033008004100036100002800077245014500105260006500250300004000315700002700355852002100382999001900403952012000422149061ES-MaACL20230906202931.0t|070214q1903 fr r ||||1| fre d1 aSverdrup, Otto.910890210aSecond voyage du `Fram` de Nansen b: quatre années dans les glaces du Pôle / cOtto Sverdrup ; traduit et abrégé par Charles Rabot. aParis : bE. Flammarion, c[1903?] (fImp. Hemmerle et Cie.) aIII. 430 p. : bil. ; c22 x 15 cm.1 aRabot, Charles.994871 aES-MaACLjC-1976 c149061d149061 00104070aATENEOMbATENEOMcSPALd2008-01-17eSCl0oC-1976p1155550r2023-02-23 00:00:00w2023-02-23yMONOGRAFIA